UBT Library

Fundamentals of Nursing : (Record no. 1428)

000 -LEADER
fixed length control field 00300nam a22001217a 4500
008 - FIXED-LENGTH DATA ELEMENTS--GENERAL INFORMATION
fixed length control field 160419b xxu||||| |||| 00| 0 eng d
020 ## - INTERNATIONAL STANDARD BOOK NUMBER
International Standard Book Number 9780793834
020 ## - INTERNATIONAL STANDARD BOOK NUMBER
International Standard Book Number 9780781793834
041 ## - LANGUAGE CODE
Language code of text/sound track or separate title eng
080 ## - UNIVERSAL DECIMAL CLASSIFICATION NUMBER
Universal Decimal Classification number 618.2
245 ## - TITLE STATEMENT
Title Fundamentals of Nursing :
Statement of responsibility, etc Taylor Lillis Le Mon Lynn;
942 ## - ADDED ENTRY ELEMENTS (KOHA)
Source of classification or shelving scheme
Item type Books
Holdings
Withdrawn status Lost status Source of classification or shelving scheme Damaged status Not for loan Collection code Permanent location Current location Shelving location Date acquired Total Checkouts Full call number Barcode Date last seen Price effective from Koha item type
          Koleksioni i përgjithshem UBT - Lipjan UBT - Lipjan Koleksioni i përgjithshem 04/19/2016   618.2 SCI 002-027709 12/29/2016 04/19/2016 Books
          Koleksioni i përgjithshem UBT - Lipjan UBT - Lipjan Koleksioni i përgjithshem 01/16/2017   618.2 TAY 002-030053 01/16/2017 01/16/2017 Books
          Koleksioni i përgjithshem UBT - Lipjan UBT - Lipjan Koleksioni i përgjithshem 09/17/2018   610.73 TAY 002-3012975 09/17/2018 09/17/2018 Books
UBT Library © 2015-2024. All rights reserved University Education for Business and Technology